Neuroradiology
Neuroradiology is a discipline that covers the medical aspects of interpretation of a great variety of imaging techniques in the neurosciences as well as those aspects of treatment that are covered by the term "interventional radiology."
| Corporate Authors: | , , |
|---|---|
| Format: | Electronic Journal |
| Language: | German English |
| Published: |
Berlin ; New York :
Springer-Verlag
|
| Subjects: | |
| Online Access: | Full text available from Research Library: 01/01/2002 to 1 year ago |
MARC
| LEADER | 00000nas a2200000 a 4500 | ||
|---|---|---|---|
| 001 | ssj0003737 | ||
| 003 | WaSeSS | ||
| 005 | 20200512172242.0 | ||
| 006 | m d | ||
| 007 | cr n | ||
| 008 | 990223c19709999gw mr p s 0 0ger c | ||
| 010 | |a 2009247533 | ||
| 016 | 7 | |a 013091502 |2 Uk | |
| 022 | |a 1432-1920 |l 0028-3940 |y 0028-3940 | ||
| 035 | |a (WaSeSS)ssj0003737 | ||
| 040 | |a COO |b eng |c COO |d OCLCQ |d MUQ |d OCL |d QCL |d GUA |d BUF |d OCLCQ |d CLU |d UKMGB |d OCLCQ |d OCLCF |d CSU |d OCLCQ |d APUMS |d EZC |d U3W |d AU@ |d OCLCO |d WYU |d AUD |d VT2 |d NJT |d OCLCO |d OCLCA |d SFB |d OCLCQ |d WaSeSS | ||
| 041 | 0 | |a ger |a eng | |
| 042 | |a pcc | ||
| 050 | 4 | |a RC349.R3 |b N4 | |
| 060 | 0 | 0 | |a W1 |b NE342K |
| 082 | 0 | 4 | |a 616.80475705 |
| 130 | 0 | |a Neuroradiology (Online) | |
| 210 | 0 | |a Neuroradiology |b (Berl., Internet) | |
| 222 | 0 | |a Neuroradiology |b (Berlin. Internet) | |
| 245 | 1 | 0 | |a Neuroradiology |h [electronic resource]. |
| 246 | 3 | 0 | |a Neuro-radiology |
| 260 | |a Berlin ; |a New York : |b Springer-Verlag | ||
| 310 | |a Monthly, |b 1997- | ||
| 321 | |a Frequency varies, |b 1970-1996 | ||
| 362 | 1 | |a Print began with vol. 1 (Apr. 1970). | |
| 506 | |a License restrictions may limit access. | ||
| 520 | |a Neuroradiology is a discipline that covers the medical aspects of interpretation of a great variety of imaging techniques in the neurosciences as well as those aspects of treatment that are covered by the term "interventional radiology." | ||
| 525 | |a Some vols. have supplements. | ||
| 546 | |a German and English. | ||
| 550 | |a Official organ of the European Society of Neuroradiology; Japanese Neuroradiological Society; Austrian Society of Neuroradiology; Bulgarian Association of Radiology; Czech Neuroradiological Society; Dutch Society of Neuroradiology; Finnish Society of Neuroradiology; German Society of Neuroradiology; Latvian Society of Neuroradiology; Norwegian Society of Neuroradiology; Neuroradiological Section of the Royal Belgian Society of Radiology; Neuroradiological Section of the Polish Medical Radiological Society; Swedish Society of Neuroradiology; and Swiss Society of Neuroradiology. | ||
| 588 | |a Description based on print version record. | ||
| 588 | |a Latest issue consulted: Vol. 52, no. 9 (Sept. 2010) (viewed MetaPress Aug. 18, 2010). | ||
| 650 | 0 | |a Nervous system |x Radiography |v Periodicals. | |
| 650 | 6 | |a Système nerveux |x Radiographie |v Périodiques. | |
| 650 | 7 | |a Nervous system |x Radiography. |2 fast |0 (OCoLC)fst01036138 | |
| 650 | 2 | |a Nervous System |x diagnostic imaging. | |
| 653 | |a Medicine (Human and Veterinary) | ||
| 655 | 0 | |a Electronic journals. | |
| 710 | 2 | |a European Society of Neuroradiology. | |
| 710 | 2 | |a Japanese Neuroradiological Society. | |
| 710 | 2 | |a Österreichische Gesellschaft für Neuroradiologie. | |
| 776 | 0 | 8 | |i Print version: |t Neuroradiology |x 0028-3940 |w (DLC) 70020360 |w (OCoLC)1759704 |
| 856 | 4 | 0 | |z Full text available from Research Library: 01/01/2002 to 1 year ago |u https://search.proquest.com/publication/49036 |